| 000 | 00587nam a2200145Ia 4500 | ||
|---|---|---|---|
| 008 | 140724s9999 xx 000 0 und d | ||
| 050 |
_aRC 681 _b.Sa237 2010 |
||
| 100 | _aSantos, Paul Jordan. | ||
| 245 | 2 |
_aA comparative study of level of inattentiveness between male and female third year nursing students of Southville International School and Colleges School Year 2009-2010 / _cPaul Jordan Santos. |
|
| 260 |
_aLas PiƱas, Philippines : _bSouthville International School and Colleges, _cc2010. |
||
| 300 |
_a57 p. : _c28 cm. |
||
| 521 | _aNursing | ||
| 942 | _cTH | ||
| 999 |
_c228973 _d228973 |
||